000 00563nam a2200181Ia 4500
008 151018s9999 xx 000 0 und d
082 _bRBASDV36362
_a920
100 _aअरुण शेवते
245 _aउरतात त्या आठवणी
250 _b1
260 _bदिलीप
_c2002
300 _a198
600 _aअरुण शेवते
630 _aउरतात त्या आठवणी
700 _aअरुण शेवते
730 _aउरतात त्या आठवणी
942 _cBOOK
999 _c1035818
_d1035815